| 000 | 00382cam a2200157ua 4500 | ||
|---|---|---|---|
| 003 | OSt | ||
| 008 | 221031b |||||||| |||| 00| 0 eng d | ||
| 041 | _aeng | ||
| 082 |
_a028.70335 _bFIN/KE |
||
| 245 | _aKerala Financial Code / | ||
| 250 | _a1 / | ||
| 260 |
_a : _bFinancial department Government of Kerala , _c1983. |
||
| 300 | _a167 ; . | ||
| 500 | _a**Reference | ||
| 942 | _cBK | ||
| 999 |
_c2912 _d2912 |
||